| 000 | 00921nam a22002177a 4500 | ||
|---|---|---|---|
| 999 |
_c2045 _d2045 |
||
| 003 | AR-CdUCM | ||
| 008 | 190228b ||||| |||| 00| 0 spa d | ||
| 040 |
_aMUNICIPALIDAD PROVINCIAL DEL CUSCO _cBIBLIOTECA MUNICIPAL DEL CUSCO |
||
| 082 |
_a241 / _bP44 |
||
| 100 |
_aPérez Bocanegra, Juan _97408 |
||
| 245 | _aRitual formulario, e institucion de curas, para administrar a los naturales de este reyno, los santos sacramentos del baptismo, confirmacion, eucaristia, y viatico, penitencia, extremauncion, y matrimonio, con advertencias muy necessarias / | ||
| 260 |
_aEn Lima : _bpor Geronymo de Contreras, junto al Convento de Santo Domingo, |
||
| 300 |
_aCXVIII ; 720 páginas ; _c21 cm. |
||
| 650 |
_aIglesia Católica _93151 |
||
| 650 |
_aLiturgia _93920 |
||
| 650 |
_aObras anteriores a 1700 _97409 |
||
| 650 |
_aSacramentos _97410 |
||
| 650 |
_aTeología dogmática _97411 |
||
| 942 |
_2ddc _cLIBROS |
||
| 945 | _azta | ||